00726cam a2200193u 450000100100000000500170001000800410002704000250006808200170009310000470011024000570015724500560021426000450027030000210031549000180033650000430035495201200039799900150051700000762920200929154234.0830325s1950 nyu 000 0 eng  aDO-SdBNPbspacBNPHU axxxxxxbO77R1 aOrtega y Gasset, José,d1883-1955.9576900aRebeliÓn de las masas.lEnglish [from old catalog]14aThe revolt of the masses /cJosé Ortega y Gasset. aNew York :bNew American Library,c1950. a141 p. ;c18 cm.1 aA mentor book aIncluye notas al pie de las páginas. 001052728MOaGRbGRcBDd2009-09-09iLF1l0oxxxxxx O77Rp7629-10r2020-06-25w2020-06-25y2ZPréstamo interno c7409d7409